Quizzes
Events
Quiz Creation
Community
Videos
Private Events
Remove Ads
Sign In
Join for FREE
Feedback
Dark Mode
Quiz Categories
Sports
Geography
Music
Movies
Television
Just For Fun
Miscellaneous
History
Literature
Language
Science
Gaming
Entertainment
Religion
Holiday
For Kids
Quiz Lab
Recent
Popular Today
Quiz Kudos Today
Editor Picks
Curator Picks
Quizzes by...
Day
Popularity
Type
Ratings
Length
Year
Community
Subscriptions
Recent Discussions
Orange Saloon
Badges
Playlists
Quests
Create
Leaderboards
Showdown
Live 5
Trivia Bingo
Activity
Puzzle Library
Sporcle Events
Private Events
Virtual Trivia
Globe League
Become a Host
Pub Owners
SporcleCon
Opinionation
Our Games
Videos
Blog
Mobile Apps
Partnerships
Remove Ads and Go Orange
Feedback
History
US Presidents
World Leaders
Politics
Nation
Discovery
War
Decade
Year
Century
Biography
Art
History
US Presidents
World Leaders
Politics
Nation
Discovery
War
Decade
Year
Century
Biography
Art
Random Quiz
Search Sporcle
×
Quiz Lab
Quiz Lab
History
US Presidents
Type in answers that appear in a list
Type in answers that appear in a list
Classic
Best Score? Go Orange.
New York Times Endorsed Candidates Stats
Can you name the candidates for President endorsed by the New York Times?
By
actorboy06
7m
40 Questions
885 Plays
885 Plays
885 Plays
Comments
Comments
Give Quiz Kudos
Give Quiz Kudos
-
- Ratings
hide this ad
Replay
Link that replays current quiz
Next Quiz
Link to next quiz in quiz playlist
You Got
0%
They Got
Avg Score
73%
Avg Friend Score
Upgrade to see
Score Distribution
Jump to the score distribution portion of the page
Score
0/40
Timer
07:00
0
Plays Today
Political Party
Candidate
% Correct
Democrat
Barack Obama
100%
Democrat
Hillary Clinton
100%
Democrat
Barack Obama
98.4%
Democrat
William Clinton
98%
Democrat
William Clinton
98%
Democrat
Albert Gore, Jr.
97.5%
Democrat
John F. Kennedy
96.6%
Democrat
John Kerry
96.2%
Democrat
Franklin Roosevelt
95.5%
Democrat
Franklin Roosevelt
95.5%
Democrat
Franklin Roosevelt
95.5%
Democrat
Jimmy Carter
95%
Democrat
Jimmy Carter
95%
Democrat
Lyndon Johnson
94.8%
Republican
Dwight Eisenhower
93.9%
Republican
Dwight Eisenhower
93.9%
Democrat
Woodrow Wilson
86.7%
Democrat
Woodrow Wilson
86.7%
Democrat
Michael Dukakis
84.7%
Republican
Abraham Lincoln
84.6%
Political Party
Candidate
% Correct
Republican
Abraham Lincoln
84.6%
Democrat
Walter Mondale
83.7%
Republican
William Howard Taft
82%
Republican
William McKinley
80.4%
Republican
Ulysses S. Grant
78.8%
Republican
Ulysses S. Grant
78.8%
Republican
Thomas Dewey
76.6%
Democrat
Hubert Humphrey
71.7%
Democrat
George McGovern
71.5%
Democrat
Grover Cleveland
71.5%
Democrat
Grover Cleveland
71.5%
Democrat
Grover Cleveland
71.5%
Republican
Rutherford B. Hayes
66.6%
Republican
James Garfield
63.1%
Democrat
Al Smith
56.4%
Republican
Wendell Willkie
40.5%
Democrat
John Cox
34.4%
Democrat
John W. Davis
27.8%
Democrat
Alton B. Parker
27.4%
National Democratic Party
John M. Palmer
10.3%
Quiz Playlist
Details
Report
Send in Message
Add To Playlist
Classic:
Type in answers that appear in a list
Quiz Source
Last Updated: Feb 16, 2017
Quiz Scoreboard
CHALLENGE
Sign Up to Join the Scoreboard
Show All
Scores
Hide
Comments
May contain spoilers
Recently Published
Pick 6: Fruits
by JohnFran
Miscellaneous
15s
Click the 1999 NBA Draft
by nibperrychub
Sports
2m
Alphabetical 'K' Countries by Flag Minefield
by ylime102
Geography
3m
More to Explore
Quiz From the Vault
Featured Blog Post
15 Basketball Trivia Facts You Can Be March Mad About
hide this ad
You Might Also Like...
Tags
Politics Quiz
US Presidents Quiz
candidate
Endorsed
New York
Party
Today's Top Quizzes in History
Browse History
hide this ad
Today's Top Quizzes in US Presidents
Browse US Presidents
Top Contributed Quizzes in History
1
I Am Born On March 19th
2
Famous Spring Paintings
3
Arab Spring Nations
4
Art in Bloom
5
'NCAA' US History
6
I Am Born On March 18th
7
Mahatma Gandhi, This Is Your Life
8
History by Year: 1980s
9
Nickname Match: World Leaders II
10
Abraham Lincoln, This Is Your Life
Explore More
Trending Topics
NBA
Harry Potter
Anime
Marvel
Crossword
Disney
Kpop
NFL
Song
The Office
WWE
Country
Soccer
Puzzle
Pokémon
hide this ad
More By:
actorboy06
Quiz
Plays
Rating
Category
Featured
Created
New York Times Endorsed Candidates
885
4.31
History
Sep 29, 2009
RI Colleges and Universities
751
3.33
History
Sep 28, 2009
U.S. Representatives from New England
184
4.00
History
Oct 17, 2009
Rhode Island Cities and Towns
126
5.00
Geography
Sep 23, 2009
U.S. Representatives from New York
111
3.67
History
Oct 20, 2009
Go to Creator's Profile
Score Distribution
Quiz Creator Spotlight
actorboy06
Follow
Send a Message
Quizzes Created
-
Created Quiz Play Count
-
More By This Creator
Popular Quizzes Today
1
Countries of Asia Without Outlines Minefield
2
Find the US States - No Outlines Minefield
3
Pick 6: Fruits
4
Alphabetical 'K' Countries by Flag Minefield
5
The Countries of the World
6
Find the US States
7
US States
8
Find the Countries of Europe - No Outlines Minefield
More History Quizzes
Historical Figure Teddy Bears II
Published
Trending Quizzes
Pick 6: Mountains
Pick 6: Harry Potter
Pick 6: Flags
Pick 6: NFL Teams
Pick 6: Movie Franchises
Recently Updated
NWSL Teams
pecheneg
Women's Final Four Teams by Year
bhenderson79
Presidents Quartet II
eogle
Anything But Clue(do)
eogle
Anything But Oceanian Capitals
eogle
Anything But 7
eogle
Anything But Thing
eogle
Word Ladder: February 29
pecheneg
Song Title Questions
pecheneg
Women's NCAA Tournament #1 Seeds
pecheneg
Trending Topics
Harry Potter
Kpop
Anime
Marvel
Disney
NBA
Crossword
Pokémon
Song
Puzzle
Soccer
Country
NFL
The Office
WWE
Your Account Isn't Verified!
In order to create a playlist on Sporcle, you need to verify the email address you used during registration. Go to your
Sporcle Settings
to finish the process.
Report this User
Report this user for behavior that violates our
Community Guidelines
.
Details:
Send Report
Go to the Sporcle.com Mobile Site →
Comments